Memorias del Seminario Nacional de Derecho Ambiental: aspectos jurídicos de la gestión ambientalmente adecuada de residuos
Zapisane w:
| Główni autorzy: | , |
|---|---|
| Format: | Książka |
| Język: | hiszpański |
| Wydane: |
Santiago
Fundación Friedrich Ebert
1994
|
| Hasła przedmiotowe: | |
| Etykiety: |
Dodaj etykietę
Nie ma etykietki, Dołącz pierwszą etykiete!
|
MARC
| LEADER | 00000nam a2200000 a 4500 | ||
|---|---|---|---|
| 001 | UCY4445 | ||
| 003 | CL-VaPUC | ||
| 008 | 950313e19940000CL |||||||||||||||||spa|d | ||
| 082 | 0 | 4 | |a 344.046 |b AST |2 21 |
| 100 | 0 | |a Astorga Jorquera, Eduardo |e author |9 332892 | |
| 700 | 0 | |a Cubillos P., Gonzalo |e author |9 332893 | |
| 245 | 1 | 0 | |a Memorias del Seminario Nacional de Derecho Ambiental: aspectos jurídicos de la gestión ambientalmente adecuada de residuos |
| 300 | |a 163 p | ||
| 942 | |c BK | ||
| 945 | |d 19950313 00:00:00 |a aalvarez | ||
| 260 | |a Santiago |b Fundación Friedrich Ebert |c 1994 | ||
| 650 | 0 | |a Derecho ambiental |9 257835 | |
| 583 | |a last modification |c 19950313 00:00:00 |k Rodrigo Vera | ||
| 999 | |c 232305 |d 232303 | ||
| 952 | |0 0 |1 0 |4 0 |6 344_046000000000000_AST_1994 |7 0 |8 A |9 236442 |a BIBDER |b BIBDER |d 2019-11-15 |i 3064085 |o 344.046 AST 1994 |p 3064085 |r 2023-01-25 |w 2019-11-15 |y BK |k DER | ||
| 952 | |0 0 |1 0 |4 0 |6 344_046000000000000_AST_1994 |7 0 |8 A |9 236443 |a BIBDER |b BIBDER |d 2019-11-15 |i 3064093 |o 344.046 AST 1994 |p 3064093 |r 2023-01-25 |w 2019-11-15 |y BK |k DER | ||